00527nam a22002057a 450000500170000001000130001702000110003003500130004103700160005404000120007008200170008210000180009924500470011725000120016426000350017627000410021130000210025265000210027365000270029420170124110054.0 aB-098695 c250.00 aB-098695 bCen Lib/Ret aDPLbEN a658.152bRAT aRathnam, P.V. aRathnam's cost adviser /cby P.V. Rathnam  a20th ed aAllahabad bKitab Mahal c1989 a22A, sarojni naidu marg bAllahabad  a1027p.c20cm(Hb) aCost management  aManagement accounting